000 00338 a2200157 4500
001 164577
020 _a
040 _cMagnum
100 _aRocha, Ruth
240 1 0 _aAs aventuras do alvinho
_lpor
245 1 0 _aAs aventuras do alvinho
362 0 _a1899
440 1 _aMelhoramentos
697 _aIJ/AVENTURA, CRIANCAS
942 _cBK
999 _c164577
_d164577